| 000 | 01913nam a2200325Ia 4500 | ||
|---|---|---|---|
| 001 | dia_1821 | ||
| 003 | CHAP | ||
| 005 | 20251021145933.0 | ||
| 008 | 220601s9999 xx 000 0 und d | ||
| 040 | _cCHAP | ||
| 082 | _a631.523 S47 1978 | ||
| 111 |
_aSesiones de Trabajo Análisis de los Recursos Genéticos Disponibles a México (1978 may. 10-12 : Chapingo, México) _9175758 |
||
| 245 | _aAnálisis de los recursos genéticos disponibles a México / edición Tarcicio Cervantes Santana ; sesiones de trabajo organizados por la Sociedad Mexicana de Fitogenética, A. C. efectuados del 10 al 12 de Mayo de 1978 en Chapingo, México | ||
| 260 | _aMéxico : Sociedad Mexicana de Fitogenética | ||
| 300 | _axix, 492 p. | ||
| 503 | _aD. | ||
| 504 | _aIncluye bibliografías | ||
| 505 | _aSesión 1. Problemas relacionados con los recursos genéticos \ Sesión 2. Cultivos productores de carbohidratos \ Sesión 3. Cultivos productores de sustancias estimulantes y forrajeros \ Sesión 4. Cultivos productores de grasas y proteínas \ Sesión 5. Cultivos frutícolas: a) de clima tropical y subtropical ; b) de clima templado \ Sesión 6. Cultivos hortícolas \ Sesión 7. Cultivos varios \ Sesión 8. Recursos genéticos varios \ Sesión 9. Utilización de los recursos genéticos \ Sesión 10. Reunión general | ||
| 590 | _aQH433 S47 1978 | ||
| 650 | _a1. Genética vegetal - Congresos, conferencias, etc. - México | ||
| 650 |
_aRecursos genéticos _995078 |
||
| 650 | _aPlant genetics - Congresses - Mexico | ||
| 650 | _aGenetic resources | ||
| 700 |
_aCervantes Santana, Tarcicio, ed. _9175760 |
||
| 711 |
_aSesiones de Trabajo Análisis de los Recursos Genéticos Disponibles a México (1978 may. 10-12 : Chapingo, México) Ì _9175761 |
||
| 901 | _a631.523 S47 1978 | ||
| 902 | _aM | ||
| 905 | _a5232271978 mx abin8222323322spa16 | ||
| 942 |
_cLIBRO _2ddc |
||
| 999 |
_c209290 _d209290 |
||